Proyecto de Código de minería
Furkejuvvon:
| Searvvušdahkki: | |
|---|---|
| Materiálatiipa: | Girji |
| Giella: | espánnjágiella |
| Almmustuhtton: |
Santiago
Imprenta, Litografía i Encuadernación Barcelona
1903
|
| Fáttát: | |
| Fáddágilkorat: |
Lasit fáddágilkoriid
Eai fáddágilkorat, Lasit vuosttaš fáddágilkora!
|
MARC
| LEADER | 00000cam a2200000 a 4500 | ||
|---|---|---|---|
| 001 | UCF8834 | ||
| 003 | CL-VaPUC | ||
| 008 | 131011e19030000cl |||||||||||||||||spa|d | ||
| 082 | 0 | 4 | |a 343.077 |b SOC |2 21 |
| 110 | 2 | |a Sociedad Nacional de Minería |e author |9 570957 | |
| 245 | 1 | 0 | |a Proyecto de Código de minería |
| 300 | |a 50 p | ||
| 942 | |c BK | ||
| 945 | |d 20131011 10:45:00 |a cmena | ||
| 260 | |a Santiago |b Imprenta, Litografía i Encuadernación Barcelona |c 1903 | ||
| 650 | 0 | |a Código de minería |9 256729 | |
| 650 | 7 | |a PROYECTOS DE LEY |2 CL-VaPUC |9 388710 | |
| 650 | 0 | |a Derecho minero |9 257109 | |
| 650 | 0 | |a Jurisprudencia |9 255952 | |
| 650 | 0 | |a Ordenamiento jurídico |9 355371 | |
| 583 | |a last modification |c 20131011 10:45:00 |k Rodrigo Vera | ||
| 999 | |c 353365 |d 353363 | ||
| 952 | |0 0 |1 0 |2 ddc |3 erd |4 0 |5 1 |6 343_077000000000000_SOC_1903 |7 1 |8 C_LRYV |9 458517 |a FDOBRV |b BIBDER |d 2019-11-23 |i 5020158 |o 343.077 SOC 1903 |p 5020158 |r 2023-01-25 |w 2019-11-23 |y BK_X |z Catalogado en:20131011 |k BRV | ||